000 00796nas a2200241 4500
001 BR9204709
003 BR-BrBNA
005 20231205092751.0
007 ta
008 230509b bl.|||p| |||| 00| 00por d
040 _aBR-BrBNA
_bpor
_cBiblioteca Nacional de Agricultura
041 _a(Pt)
072 _aH10
100 1 _aMenezes, E.B.
100 1 _aBerti Filho, E.
245 1 _aInimigos naturais da lagarta das folhas do abacateiro Stericta albifaciata Druce, 1902 (Lepidoptera: Epipaschidae)
650 _aABACATE
650 _aLAGARTA DA FOLHA
650 _aCONTROLE CULTURAL
773 0 _tArquivos da Universidade Federal Rural do Rio de Janeiro (Brazil)
_xISSN 0100-2481
_g(1974), v. 4(2) p. 15-17
_wBR9204709
909 _a202311
_bLúcia
_c55
_dLúcia Elande
942 _2AGRIS
_n0
_cANA
999 _c134035
_d134035